| 000 | 00472cam a2200181ua 4500 | ||
|---|---|---|---|
| 020 | _c75.00 | ||
| 041 |
_amal _h |
||
| 082 |
_a894.8121 _bKRI/MA |
||
| 100 | _aKrishna Pillai, Changampuzha. | ||
| 245 |
_aMayookha mala / _cChangampuzha Krishana Pillai. _hTextual Documents |
||
| 250 |
_a2 / _b. |
||
| 260 |
_aQuilon : _bSree Rama Vilasam Press & Book Depot , _c1966. |
||
| 300 | _a46 ; . | ||
| 365 | _a75.00 | ||
| 504 | _a | ||
| 942 | _cBK | ||
| 999 |
_c4805 _d4805 |
||